000 00801nam a22002537a 4500
003 DO-SdBNP
005 20260414130834.0
007 ta
008 221010b2022 dr a|||| |||| 00| 0 spa d
020 _a9789945616668
040 _aDO-SdBNP
_bspa
_cBNPHU
082 4 _aR 920.7
_bO99L
_222
100 1 _933502
_aOzuna, Marcelino,
_d1965-
245 1 0 _aLumbres del otoño /
_cMarcelino Ozuna
260 _aSanto Domingo :
_bFUNGLODE,
_c2022.
300 _a174 p. :
_bil., fots. ;
_c24 cm.
490 0 _aCultura
500 _aincluye datos biográficos del autor en la solapa de la cubierta
590 _aInventariado, 2022/BT
650 0 _aBiografía
_94997
710 2 _aFundación Global Democracía y Desarrollo
_925477
910 _aBtavárez/Validado. Control de calidad MFF
942 _2ddc
_cLBS1
999 _c52540
_d52540